| 000 | 00494nam a22001817a 4500 | ||
|---|---|---|---|
| 003 | CEME | ||
| 005 | 20210628205740.0 | ||
| 008 | 210316b xxu||||| |||| 00| 0 eng d | ||
| 020 | _a81-7094-330-2 | ||
| 040 | _c. | ||
| 082 | _a363.32 BHA | ||
| 100 |
_aBhaskar Sarkar. Col _976918 |
||
| 245 | _aTackling insurgency and terrorism blueprint for action | ||
| 260 |
_aNEW DELHI _bVISION BOOKS _c1998 |
||
| 300 | _a160P | ||
| 650 |
_aINSURGENCY AND TERRORISM TERRORISM _976919 |
||
| 942 |
_cBK _2ddc |
||
| 999 |
_c582225 _d582225 |
||